League of Legends - Champions Iles Obscures - Statistiques

Statistiques générales
  • Ce quiz a été pris 183 fois
    172 depuis la dernière actualisation
  • Le résultat moyen est 8 sur 11
Statistiques - réponses
Réponse % Correct
Viego
97%
Kalista
87%
Thresh
87%
Senna
83%
Hécarim
81%
Gwen
68%
Yorick
67%
Maokai
58%
Karthus
56%
Vex
40%
Elise
36%
Aucun quiz correspondant
Distribution des résultats
% des personnes avec chaque résultat
Percentile par nombre de réponses
Votre historique - résultats
Vous n’avez pas pris ce quiz depuis la dernière actualisation